Headless Movie Slideshow III Quiz Stats

 Plays Quiz Updated Mar 8, 2015

Challenge
Share
Tweet
Score 0/30 Timer 08:00
0 Plays Today
% Correct
The Lion King
98.5%
The LEGO Movie
94.8%
Jurassic Park
91.4%
Up
90.5%
Mean Girls
89.6%
Cast Away
87.3%
Rain Man
82.3%
The Notebook
81.4%
I Am Legend
78%
The Hangover
77.4%
Clueless
73.7%
Ferris Bueller's Day Off
70.8%
Anchorman: The Legend of Ron Burgundy
70.6%
127 Hours
69.8%
The Sandlot
68.1%
% Correct
12 Years A Slave
67.8%
Transformers
67.5%
Guardians of the Galaxy
63.7%
The Terminator
63.3%
The Princess Bride
63.2%
Airplane!
53.9%
Gone With The Wind
51.4%
The Seven Year Itch
51.3%
The Wolf of Wall Street
51.3%
Inglourious Basterds
40.8%
The Planet of the Apes
38.6%
Chicago
37.3%
The Music Man
34.7%
Memento
33.3%
War of the Worlds
32.9%

You're not logged in!

Compare scores with friends on all Sporcle quizzes.
Join for Free
OR
Log In

You Might Also Like...

Show Comments

Extras

Top Quizzes Today


Score Distribution

Your Account Isn't Verified!

In order to create a playlist on Sporcle, you need to verify the email address you used during registration. Go to your Sporcle Settings to finish the process.

Report this User

Report this user for behavior that violates our Community Guidelines.

Details: